000 00313nam a22001457a 4500
003 OSt
005 20160727222408.0
008 160624b xxu||||| |||| 00| 0 eng d
040 _cTEST
100 _9905
_aMorigan, D
245 _aCare Bears
260 _aPARVER BROTHERS
300 _aCare Bears
942 _2ddc
_cBK
999 _c718
_d718